| 000 | 00980cam a22002655i 4500 | ||
|---|---|---|---|
| 001 | 17701912 | ||
| 005 | 20170105102354.0 | ||
| 008 | 130417t20132013nyua 001 0 eng | ||
| 010 | _a 2012540506 | ||
| 020 | _a9781935182573 | ||
| 020 | _a1935182579 | ||
| 040 |
_aDLC _cDLC _dDLC |
||
| 042 | _apcc | ||
| 100 | 1 | _aKoskela, Lasse. | |
| 245 | 1 | 0 |
_aEffective unit testing : a guide for Java developers _ba guide for Java developers _cLasse Koskela. |
| 300 |
_axxiv, 223 p. : _bill. ; _c24 cm. |
||
| 500 | _aIncludes index. | ||
| 650 | 0 | _aJava (Computer program language) | |
| 650 | 0 |
_aComputer programs _xTesting. |
|
| 856 | 4 | 2 |
_3Contributor biographical information _uhttp://www.loc.gov/catdir/enhancements/fy1311/2012540506-b.html |
| 856 | 4 | 2 |
_3Publisher description _uhttp://www.loc.gov/catdir/enhancements/fy1311/2012540506-d.html |
| 906 |
_a0 _bibc _corigres _d2 _encip _f20 _gy-gencatlg |
||
| 942 |
_2ddc _cBK |
||
| 999 |
_c12092 _d12092 |
||